000 00745nam a2200193 i 4500
001 52217
003 ES-MaACL
005 20231211202552.0
007 t|
008 030826s1947 sp ||||1| spa d
100 1 _aChueca Goitia, Fernando,
_d1911-2004
_938688
245 1 3 _aLa Catedral de Valladolid
_b: una página del siglo de oro de la arquitectura española /
_cpor Fernando Chueca Goitia.
260 _aMadrid :
_b[s.n.],
_c1947 (
_fBlass)
300 _a240 p., 51 lám, 4 gráf. :
_bil. ;
_c29 cm.
500 _aPrecede al tít.: Consejo Superior de Investigaciones Científicas. Instituto Diego Velázquez.
710 2 _aInstituto Diego Velázquez.
_95021
852 _aES-MaACL
_jB-5917
_bR.25136
999 _c52217
_d52217